000 00601nam a22002291a 4500
001 2959
003 OSt
005 20260204211833.0
008 040519s1995||||mx ||||||b||||||||||spa||
020 _a9688803227
050 _a658.4012 M667p
082 _a658.4012 M667p
100 _aHintzberg, Henry
245 _aEl proceso estratégico: Conceptos, contexto y casos / Henry Mintzberg
250 _a2
264 _aMéxico : Prentice-Hall Hispanoamericana
300 _a1207 p.
500 _aIncluye indice
650 _a1.Administración
700 _aBrian Quin, JamesÌ
942 _2ddc
_cBK
999 _c2959
_d2959